Za hradmi Krupinskej planiny 3. Kamenné srdce Hontu

Bibliographic Details
Main Author: Nešpor, Jaroslav (Author)
Format: Article
Language:Slovak
PhysicalDescription:Fotogr. 4, obr. 2, lit. 5 zázn. v maď., slov.
Subjects:

MARC

LEADER 00000nab a2200000 a 4500
001 vtls000490351
003 SK-MaSNL
005 20260305014754.0
008 230120c1993 xo 0 slo
015 |a SNBRB19rr/mm-uuuuu 
035 |a CL0490489 
035 |a urn:nbn:sk:snk-ab2vab 
035 |a (urnnbn)urn:nbn:sk:snk:ar-a02zqr 
035 |a (uuid)01b0e427-fae8-4fa2-bc31-ba41ff32793a 
040 |a SNKBUCL  |b slo  |c SNKBUCL  |e AACR2 
041 0 |a slo 
044 |a xo  |c SK 
080 |a 904:728.8  |2 1981 
080 |a 728.8  |2 1981 
080 |a 93/94  |2 2011 
100 1 |a Nešpor, Jaroslav  |4 aut  |9 295959 
245 1 0 |a Za hradmi Krupinskej planiny  |b 3. Kamenné srdce Hontu  |c Jaroslav Nešpor 
300 |b Fotogr. 4, obr. 2, lit. 5 zázn. v maď., slov. 
610 2 7 |a Čabraď (Čabradský Vrbovok, Slovensko : hrad)  |2 snkbucl  |9 165950 
650 0 7 |a hrady  |2 snkbucl  |9 3039 
650 0 7 |a dejiny  |2 SNKPH  |9 3825 
655 7 |a články z novín a časopisov  |2 snkbucl  |9 267496 
773 0 |t Krásy Slovenska  |g Roč. 70, č. 7-8 (1993), s. 26-28 
850 |a Slovenská národná knižnica v Martine  |a MTA001 
852 |a SNK  |b KIS3GCP 
954 |a odborná, vedecká literatúra pôvodná (slovenská)  |2 lita 
957 |a 5311 
958 |a OND 
958 |a NB 
958 |a RK 
958 |a EUIPO 
958 |a article27 
992 |a RBX 
999 |c 3271335  |d 3273265